Disney abc / (Registro nro. 11868)
[ vista simple ]
| 000 -LIDER | |
|---|---|
| fixed length control field | 00487nam a2200181 4500 |
| 003 - IDENTIFICACDOR DE NÚMERO DE CONTROL | |
| control field | DO-SdBNP |
| 005 - DATE AND TIME OF LATEST TRANSACTION | |
| control field | 20171129100543.0 |
| 008 - ELEMENTOS DE LONGITUD FIJA | |
| fixed length control field | 161109b sp||||| |||| 00| 0 spa d |
| 020 ## - ISBN | |
| International Standard Book Number | 8424155564 |
| 040 ## - FUENTE DE CATALOGACIÓN | |
| Agencia que crea de manera original el registro | BPMSU |
| Idioma de catalogación | spa |
| Agencia que realiza la transcripción | BPMSU |
| 100 ## - ASIENTO PRINCIPAL -- NOMBRE PERSONAL | |
| Nombre personal | Jefferds, Vincent |
| 245 ## - MENCIÓN DE TITULO | |
| Título | Disney abc / |
| Mención de responsabilidad | Vincent Jefferds |
| 260 ## - PUBLICACIÓN, DISTRIBUCIÓN, ETC. (PIE DE IMPRENTA) | |
| Lugar de publicación, distribución, etc | Madrid : |
| Nombre del editor, distribuidor, etc. | Everest , |
| Fecha de publicación, distribución, etc | [s. f.] |
| 300 ## - DESCRIPCIÓN FÍSICA | |
| Extensión | [58 p. ] : |
| Otros detalles físicos | il. : |
| Dimensiones | 29 cm |
| 910 ## - VALIDACIÓN | |
| Validación | Inventariado extranjero / 2017 BT |
| 942 ## - ADDED ENTRY ELEMENTS (KOHA) | |
| Source of classification or shelving scheme | Dewey Decimal Classification |
| Koha item type | Libros |
| 956 ## - LOCAL ELECTRONIC LOCATION AND ACCESS (OCLC) | |
| Nombre de host | dgarcia |
| Withdrawn status | Lost status | Source of classification or shelving scheme | Damaged status | Not for loan | Collection code | Home library | Current library | Date acquired | Source of acquisition | Total Checkouts | Barcode | Date last seen | Price effective from | Koha item type |
|---|---|---|---|---|---|---|---|---|---|---|---|---|---|---|
| Dewey Decimal Classification | Colección General | Biblioteca Pública Metropolitana Salomé Ureña | Biblioteca Pública Metropolitana Salomé Ureña | 11/09/2016 | Donado | BPMSU16111132 | 11/09/2016 | 11/09/2016 | Libros |